000 00968nam a2200265Ia 4500
003 OSt
005 20221005104835.0
006 a|||||r|||| 00| 0
007 ta
008 221004b |||||||| |||| 00| 0 hin d
020 _a9788189861087 (hbk)
_cINR 250.00
024 _a71806
037 _b138, 22/02/2022, Classic Book Service
_cTextual
040 _aCRL
_cCRL
_bhin
041 _2hin
_ahin
082 _aR65,6:g, 152R1
100 _aबघेल, नत्थी सिंह, ले.
245 0 _aगृहस्थ गीता
246 _aGṛuhastha gītā
260 _aदिल्ली
_bश्री बॉंके बिहारी प्रकाशन भारत
_c2021
300 _a103पृ0
_ccm.
650 _aदर्शनशास्त्र
942 _hR65,6:g, 152R1
_cTEXL
_2cc
999 _c1013953
_d1013953